Problemas de flujo de fluidos

Bibliographic Details
Main Author: Valiente Barderas, Antonio M. C.
Format: Section = Libro
Language:Undetermined
Spanish
Published: México Limusa 1997
Subjects:
LEADER 00550nam a2200205Ia 4500
008 240829s9999 xx 000 0 und d
020 |a 968-18-3185-3 
040 |a BIBLIOTECA-RUPAP 620.106 V172 
041 |a spa 
082 |a 620.106 V172 
100 1 |a Valiente Barderas, Antonio M. C. 
245 1 0 |a Problemas de flujo de fluidos 
260 |a México  |b Limusa  |c 1997 
300 |a 733 p. :il. 
650 7 |a MECANICA DE FLUIDOS 
650 7 |b  DINAMICA DE FLUIDOS 
650 7 |c  TIPO DE FLUIDOS. I. Tít. 
942 |c BK  |2 ddc 
991 |a TEXTO 
999 |c 7924